Central Library OPAC University of Rajshahi

Ground Water Arsenic Contamination and its accumulation into different varieties of rice / (Record no. 75573)

MARC details
000 -LEADER
fixed length control field 01309ntm a2200289 a 4500
001 - CONTROL NUMBER
control field 75573
003 - CONTROL NUMBER IDENTIFIER
rucl marc code BD-RjUL
005 - DATE AND TIME OF LATEST TRANSACTION
control field 20211209082718.0
008 - FIXED-LENGTH DATA ELEMENTS--GENERAL INFORMATION
fixed length control field 190427s2016 bg a|||| bm|| 00| 0 eng d
035 ## - SYSTEM CONTROL NUMBER
System control number (BD-RjUL)75791
040 ## - CATALOGING SOURCE
Original cataloging agency BD-RjUL
Language of cataloging eng
Transcribing agency BD-RjUL
Modifying agency BD-RjUL
041 ## - LANGUAGE CODE
Language code of text/sound track or separate title eng
082 ## - DEWEY DECIMAL CLASSIFICATION NUMBER
Edition number 23
Classification number 551.490954924
Author mark and year MOG 2016
100 1# - MAIN ENTRY--PERSONAL NAME
Personal name Mondal, A. H. M. Firoz Kabir
9 (RLIN) 231239
245 10 - TITLE STATEMENT
Title Ground Water Arsenic Contamination and its accumulation into different varieties of rice /
Statement of responsibility, etc. by A. H. M. Firoz Kabir Mondal ;
Linkage Principal Supervisor: Md. Abul Kalam Azad ; Co-Supervisor: Ismail Hossain, Md. Moniruzzaman
260 ## - PUBLICATION, DISTRIBUTION, ETC. (IMPRINT)
Place of publication, distribution, etc. Rajshahi :
Name of publisher, distributor, etc. Institute of Environmental Science, R. U. ,
Date of publication, distribution, etc. 2016
300 ## - PHYSICAL DESCRIPTION
Pagination xvii, 263 leaves :
Illustrations Ill. ;
Size 30 cm.
502 ## - DISSERTATION NOTE
Dissertation note Thesis (Ph. D.) -- Institute of Environmental Science, R. U. , 2016
504 ## - BIBLIOGRAPHY, ETC. NOTE
Bibliography, etc References: Leaves 237-254
650 ## - SUBJECT ADDED ENTRY--TOPICAL TERM
Topical term or geographic name as entry element Groundwater
General subdivision Pollution
Geographic subdivision Bangladesh.
-- Nawabganj District
9 (RLIN) 231240
Topical term or geographic name as entry element Arsenic
General subdivision Environmental aspects
Geographic subdivision Bangladesh.
-- Nawabganj District
9 (RLIN) 231241
Topical term or geographic name as entry element Plants
General subdivision Effect of arsenic on.
9 (RLIN) 231242
700 ## - ADDED ENTRY--PERSONAL NAME
Personal name Azad, Md. Abul Kalam, Principal Supervisor
Personal name Hossain, Ismail, Co-Supervisor
Personal name Moniruzzaman, Md. , jt. Co-Supervisor
942 ## - ADDED ENTRY ELEMENTS (KOHA)
Source of classification or shelving scheme Dewey Decimal Classification
Koha item type Theses
Holdings
Lost status Source of classification or shelving scheme Damaged status Not for loan Collection code Permanent Location Current Location Shelving location Date acquired Source of acquisition Total Checkouts Full call number Date last seen Copy number Koha item type
  Dewey Decimal Classification   Not For Loan Theses Central Library, University of Rajshahi Central Library, University of Rajshahi Documentation Section 18/01/2018 Controller of Examination Office, R. U.   THE 551.490954924 MOG 2016 27/04/2019 C-1 Theses